Top 10 Nostalgia Roblox Experiences - Statistics

General Stats
  • This quiz has been taken 19 times
  • The average score is 2 of 10
Answer Stats
No Answer % Correct
9 Adopt Me
82%
7 Meepcity
53%
8 Welcome to Bloxburg
12%
1 Crossroad
6%
3 Doomspire Brickbattle
6%
2 Flood Escape
6%
10 Super Simon Says
6%
4 Build a Boat for Treasure
0%
5 Get Eaten
0%
6 Work at the Pizza place
0%
No matching quizzes found
Score Distribution
Percent of People with Each Score
Percentile by Number Answered
Your Score History
You have not taken this quiz